Nghiên cứu ý định khởi nghiệp kinh doanh của sinh viên trường Đại học Thủ Dầu Một

Chuyên ngành: Quản trị kinh doanh; Mã số: 60.34.01.02 ; Ý kiến về việc sao chép tài liệu: đồng ý sao chép 30% ; Ý kiến về việc chuyển dạng tài liệu ( từ giấy sang điện tử): không đồng ý ; Tài liệu tham khảo sau phần kết luận; Luận văn Thạc...

Fuld beskrivelse

Đã lưu trong:
Bibliografiske detaljer
Hovedforfatter: Lê, Minh Châu
Andre forfattere: Nguyễn Minh Hà
Format: Bog
Sprog:Undetermined
Udgivet: Bình Dương 2018
Fag:
Online adgang:http://lrc.tdmu.edu.vn/opac/search/detail.asp?aID=2&ID=34113
Tags: Tilføj Tag
Ingen Tags, Vær først til at tagge denne postø!
Thư viện lưu trữ: Trung tâm Học liệu Trường Đại học Thủ Dầu Một
LEADER 01632nam a2200205Ia 4500
001 TDMU_34113
008 210410s9999 xx 000 0 und d
082 |a 332.09597 
090 |b L250 
100 |a Lê, Minh Châu 
245 0 |a Nghiên cứu ý định khởi nghiệp kinh doanh của sinh viên trường Đại học Thủ Dầu Một 
245 0 |c Lê Minh Châu; PGS. TS. Nguyễn Minh Hà (h.dẫn) 
260 |a Bình Dương 
260 |c 2018 
300 |a 83tr 
520 |a Chuyên ngành: Quản trị kinh doanh; Mã số: 60.34.01.02 ; Ý kiến về việc sao chép tài liệu: đồng ý sao chép 30% ; Ý kiến về việc chuyển dạng tài liệu ( từ giấy sang điện tử): không đồng ý ; Tài liệu tham khảo sau phần kết luận; Luận văn Thạc sĩ Quản trị kinh doanh ĐH Thủ Dầu Một, 2018; Luận văn gồm các chương: Chương 1. Giới thiệu đề tài nghiên cứu; Chương 2 Cơ sở lý thuyết; Chương 3. Phương pháp nghiên cứu; Chương 4 Kết quả nghiên cứu và thảo luận; Chương 5 Kết luận và hàm ý quản trị 
650 |a Luận văn; Sinh viên khởi nghiệp  |x Ý định  |z ĐH Thủ Dầu Một (Bình Dương); Khởi nghiệp kinh doanh  |x Ý định  |x Nghiên cứu 
700 |a Nguyễn Minh Hà 
856 |u http://lrc.tdmu.edu.vn/opac/search/detail.asp?aID=2&ID=34113 
980 |a Trung tâm Học liệu Trường Đại học Thủ Dầu Một